000 00338nam a2200145Ia 4500
008 230605s1986 xx 000 0 und d
041 _aeng
100 _aButtle
245 _aHotel and Food Service Marketing
260 _bCassell
_c1986
300 _a414p
520 _aHard Board
520 _aReference Copy
650 _aF & B Ser.
999 _c420077
_d420077